000
00293nam a2200121Ia 4500
008
191201s2009 xx 000 0 und d
100
_a
KUMAR, Arun
245
0
_a
Marketing Management MBA 2.22 DE SEM-2
260
_a
N. Delhi
_b
Vikas Pub
_c
2009
300
_a
332
650
_a
MBA
942
_2
ddc
_c
BK
999
_c
277
_d
277